The Missing Word - Michelle Pfeiffer's Movies - Statistics

General Stats
  • This quiz has been taken 24 times
  • The average score is 19 of 20
Answer Stats
Hint Answer % Correct
___ Returns Batman
100%
___ Minds Dangerous
100%
Personal ___ Effects
100%
One ___ Day Fine
100%
What ___ Beneath Lies
100%
___ on the Orient Express Murder
100%
The Deep End of the ___ Ocean
100%
Ant-man and the ___ Wasp
100%
Avengers: ___ Endgame
95%
Dangerous ___ Liaisons
95%
I Am ___ Sam
95%
Dark ___ Shadows
95%
The ___ of Us Story
95%
The ___ of Eastwick Witches
95%
The Fabulous ___ Boys Baker
90%
Married to the ___ Mob
90%
___ Sunrise Tequila
86%
Where is ___? Kyra
81%
___: Mistress of Evil Maleficent
81%
___ Oleander White
71%
No matching quizzes found
Score Distribution
Percent of People with Each Score
Percentile by Number Answered
Your Score History
You have not taken this quiz